[Event "Benidorm op U2000 13th"]
[Site "Benidorm"]
[Date "2014.12.02"]
[Round "5"]
[White "Vivanco Revuelta, Jesus Maria"]
[Black "Rodriguez Gomez, Vicente"]
[Result "1/2-1/2"]
[WhiteElo "1734"]
[BlackElo "1949"]
[PlyCount "47"]
[EventDate "2014.11.28"]
[EventType "swiss"]
[EventRounds "10"]
[EventCountry "ESP"]
[SourceTitle "CBM 163 Extra"]
[Source "ChessBase"]
[SourceDate "2014.12.23"]
[SourceVersion "1"]
[SourceVersionDate "2014.12.23"]
[SourceQuality "1"]

1. d4 d5 2. Nf3 Nf6 3. Bf4 e6 4. e3 Bd6 5. Bg3 0-0 6. Bd3 b6 7. Nbd2 Bb7 8. Ne5 Ne4 9. f3 Nxd2 10. Qxd2 c5 11. c3 Qc7 12. f4 Nd7 13. Nxd7 Qxd7 14. 0-0 c4 15. Bc2 f5 16. a4 a5 17. b3 Rac8 18. bxc4 Rxc4 19. Bb3 Rcc8 20. Rfc1 Ba6 21. Qa2 Bc4 22. Be1 b5 23. axb5 Qxb5 24. Rcb1 1/2-1/2